Información de apoyo para la toma de decisiones en seguridad vial
Պահպանված է:
| Հիմնական հեղինակ: | |
|---|---|
| Ձևաչափ: | Գիրք |
| Հրապարակվել է: |
[San José , Costa Rica]
1996
|
| Խորագրեր: | |
| Ցուցիչներ: |
Ավելացրեք ցուցիչ
Չկան պիտակներ, Եղեք առաջինը, ով նշում է այս գրառումը!
|
MARC
| LEADER | 00000nam a2200000Ia 4500 | ||
|---|---|---|---|
| 003 | 007872 | ||
| 005 | 20221231144248.0 | ||
| 008 | 140114s1996 c a m 000 ||s d | ||
| 040 | |c cru CEDI | ||
| 090 | |a TFG 3422 | ||
| 100 | |a Mora Naranjo, Randall |9 10417 | ||
| 245 | |a Información de apoyo para la toma de decisiones en seguridad vial | ||
| 260 | |c 1996 |a [San José , Costa Rica] | ||
| 300 | |a v, [129] hojas : ilustraciones (algunas a color) | ||
| 500 | |a Proyecto de graduación (licenciatura en ingeniería civil)--Universidad de Costa Rica. Facultad de Ingeniería. Escuela de Ingeniería Civil | ||
| 650 | |x SEGURIDAD VIAL |x TOMA DE DECISIONES |9 10418 | ||
| 942 | |c TFG | ||
| 999 | |c 19246 |d 19246 | ||
